| 000 | 00365nam a22001337a 4500 | ||
|---|---|---|---|
| 008 | 230620b xxu||||| |||| 00| 0 eng d | ||
| 020 | _a0472655000 | ||
| 082 |
_a323.49 _bMIL |
||
| 100 | _cArthur R. Miller | ||
| 245 |
_aThe Assault on Privacy _bComputers, data Banks and Dossiers |
||
| 260 |
_aUSA _bUniversity of Michigan _c1971 |
||
| 300 | _a333p | ||
| 942 |
_2ddc _cBK |
||
| 999 |
_c1885 _d1885 |
||